<?xml version="1.0" encoding="UTF-8"?>
<collection xmlns="http://www.loc.gov/MARC21/slim">
 <record>
  <leader>01999pamaa2200217   4500</leader>
  <controlfield tag="001">0000043668</controlfield>
  <controlfield tag="005">20121212090000.0</controlfield>
  <controlfield tag="008">080509                             eng  </controlfield>
  <datafield tag="020" ind1="0" ind2="0">
   <subfield code="a">9780323039291 </subfield>
  </datafield>
  <datafield tag="090" ind1="0" ind2="0">
   <subfield code="a">RC931.O67 </subfield>
   <subfield code="b">SHA 2007</subfield>
  </datafield>
  <datafield tag="100" ind1="1" ind2="0">
   <subfield code="a">Sharma </subfield>
  </datafield>
  <datafield tag="245" ind1="1" ind2="0">
   <subfield code="a">Osteoarthritis : </subfield>
   <subfield code="b">a companion to Rheumatology  </subfield>
   <subfield code="c">Leena Sharma, Francis Berenbaum.</subfield>
  </datafield>
  <datafield tag="260" ind1="0" ind2="0">
   <subfield code="a">Philadelphia: </subfield>
   <subfield code="b">Mosby, </subfield>
   <subfield code="c">2007.</subfield>
  </datafield>
  <datafield tag="300" ind1=" " ind2=" ">
   <subfield code="a">xv, 279 p., 6 p. of plates: </subfield>
   <subfield code="b">ill. (some col.); </subfield>
   <subfield code="c">27 cm.</subfield>
  </datafield>
  <datafield tag="500" ind1="0" ind2="0">
   <subfield code="a">Epidemiology of osteoarthritis / Lisa A. Mandl -- Role of subchondral bone in osteoarthritis / Johanne Martel-Pelletier ... [et al.] -- The impact of mechanical stress on the pathophysiology of osteoarthritis / George Nuki and Donald Salter -- Update on the chondrocyte lineage and mplication for cell therapy in osteoarthritis / Mary B. Goldring -- Aging cartilage and osteoarthritis cartilage: differences and shared mechanisms / Richard F. Loeser -- Adipokines in osteoarthritis / Nathalie Presle ... [et al.] -- Pathology and animal models of osteoarthritis / Frank A. Wollheim and L. Stefan Lohmander -- Biochemical markers of osteoarthritis / Patrick Garnero -- Radiographic imaging in osteoarthritis of the hip and knee / Eric Vignon and Marie-Pierre Hellio Le Graverand -- Magnetic resonance imaging in osteoarthritis / Timothy Mosher -- Nonsteroidal anti-inflammatory drugs for osteoarthritis / Daniel H. Solomon and Nicola J. Goodson -- Complementary andalternative medicine in osteoarthritis / Amanda Tiffany and Lan X. Chen -- Future directions in physical therapy for knee steoarthritis / Kim Bennell, Rana Hinman, and Tim Wrigley -- Management of limb osteoarthritis / Maxime Dougados -- Nutritional and nutritional supplement interventions for osteoarthritis / Timothy E. McAlindon and Grace H. Lo</subfield>
  </datafield>
  <datafield tag="501" ind1="0" ind2="0">
   <subfield code="a">SAH</subfield>
  </datafield>
  <datafield tag="504" ind1="0" ind2="0">
   <subfield code="a">Includes bibliographical references and index</subfield>
  </datafield>
  <datafield tag="650" ind1="0" ind2="0">
   <subfield code="a">Osteoarthritis </subfield>
  </datafield>
  <datafield tag="650" ind1="0" ind2="0">
   <subfield code="a">Rheumatology </subfield>
  </datafield>
  <datafield tag="700" ind1="1" ind2="1">
   <subfield code="a">Berenbaum, </subfield>
   <subfield code="h">Francis </subfield>
  </datafield>
  <datafield tag="901" ind1=" " ind2=" ">
   <subfield code="u">http://www.elsevierhealth.com</subfield>
  </datafield>
 </record>
</collection>
